000 00870nam a2200241Ia 4500
003 OSt
005 20220923215224.0
006 a|||||r|||| 00| 0
007 ta
008 220922b |||||||| |||| 00| 0 hin d
024 _a176,693
037 _cTextual
040 _aARTS
_cARTS
_bhin
041 _2hin
_ahin
082 _aO152,1:gN5, L6
100 _aगौतम, सुरेश; गौतम, वीणा
245 0 _aत्रिकोण में उभरती आधुनिक संवेदना
246 _aTrikoṇ mean ubharatī ādhunik sanvedanā
260 _aदिल्ली
_b राजेश प्रकाशन
_c1976
650 _aहिन्दी साहित्य
_9156264
942 _hO152,1:gN5, L6
_cTEXL
_2CC
999 _c330206
_d330206